Central Library OPAC University of Rajshahi

Fundamentals of entrepreneurship / (Record no. 52113)

MARC details
000 -LEADER
fixed length control field 00780nam a2200253 a 4500
001 - CONTROL NUMBER
control field 52113
003 - CONTROL NUMBER IDENTIFIER
rucl marc code BD-RjUL
005 - DATE AND TIME OF LATEST TRANSACTION
control field 20211209075745.0
008 - FIXED-LENGTH DATA ELEMENTS--GENERAL INFORMATION
fixed length control field 160906m20062005ii a|||| b||| 001 0 eng d
020 ## - INTERNATIONAL STANDARD BOOK NUMBER
International Standard Book Number 8120328671
035 ## - SYSTEM CONTROL NUMBER
System control number (BD-RjUL)52233
040 ## - CATALOGING SOURCE
Original cataloging agency BD-RjUL
Language of cataloging eng
Transcribing agency BD-RjUL
041 ## - LANGUAGE CODE
Language code of text/sound track or separate title eng
082 ## - DEWEY DECIMAL CLASSIFICATION NUMBER
Edition number 23
Author mark and year MOF 2006
Classification number 338.04
100 1# - MAIN ENTRY--PERSONAL NAME
Personal name Mohanty, Sangram Keshari
9 (RLIN) 155878
245 10 - TITLE STATEMENT
Title Fundamentals of entrepreneurship /
Statement of responsibility, etc. Sangram Keshari Mohanty
260 ## - PUBLICATION, DISTRIBUTION, ETC. (IMPRINT)
Place of publication, distribution, etc. New Delhi :
Name of publisher, distributor, etc. Prentice-hall of India,
Date of publication, distribution, etc. c2006
300 ## - PHYSICAL DESCRIPTION
Pagination xiii, 183 p. :
Illustrations ill. ;
Size 21 cm.
504 ## - BIBLIOGRAPHY, ETC. NOTE
Bibliography, etc Includes index and bibliography.
650 ## - SUBJECT ADDED ENTRY--TOPICAL TERM
Topical term or geographic name as entry element Entrepreneurship
Geographic subdivision India
9 (RLIN) 149302
Topical term or geographic name as entry element Businesspeople
Geographic subdivision India
9 (RLIN) 155879
Topical term or geographic name as entry element Business enterprises
Geographic subdivision India
9 (RLIN) 133186
942 ## - ADDED ENTRY ELEMENTS (KOHA)
Source of classification or shelving scheme Dewey Decimal Classification
Koha item type Books
Holdings
Lost status Source of classification or shelving scheme Damaged status Not for loan Collection code Permanent Location Current Location Shelving location Date acquired Source of acquisition Cost, normal purchase price Total Checkouts Full call number Date last seen Copy number Koha item type
  Dewey Decimal Classification     Non-fiction Central Library, University of Rajshahi Central Library, University of Rajshahi   12/06/2008 Dhaka, paragon ent. 175.00   338.04 MOF 2006 06/09/2016 C-2 Books
  Dewey Decimal Classification   Not For Loan Non-fiction Central Library, University of Rajshahi Central Library, University of Rajshahi Reading Room 12/06/2008 Paragogn Enterprise, Dhaka 175.00   338.04 MOF 2006 19/12/2016 C-1 Books